000 00298nam a2200121Ia 4500
008 231120s2019 xx 000 0 und d
041 _aeng
082 _a743.4
100 _aEDDIE ARMER
245 _aBEGINNERS GUIDE TO LIFE DRAWING
260 _aSEARCH PRESS
_bSEARCH PRESS
_c2019
300 _aP-96
999 _c933797
_d933797